Number theory /
Guardado en:
| Autor Principal: | |
|---|---|
| Formato: | Libro |
| Idioma: | English |
| Publicado: |
Edinburgh : New York :
Oliver & Boyd ; Interscience Publishers,
1964.
|
| Series: | University mathematical texts
|
| Materias: | |
| Etiquetas: |
Agregar Etiqueta
Sin Etiquetas, Sea el primero en etiquetar este registro!
|
| LEADER | 00608cam a22001931a 4500 | ||
|---|---|---|---|
| 001 | MAT.inmabb005534 | ||
| 008 | 760625s1964####stk###########000#0#eng## | ||
| 005 | 20150807153458.0 | ||
| 245 | 1 | 0 | |a Number theory / |c [by] J. Hunter. |
| 260 | |a Edinburgh : |b Oliver & Boyd ; |a New York : |b Interscience Publishers, |c 1964. | ||
| 300 | |a ix, 149 p. ; |c 19 cm. | ||
| 440 | 0 | |a University mathematical texts | |
| 510 | 4 | |a MR, |c 34 #1253 | |
| 100 | 1 | |a Hunter, John, |d 1922- | |
| 650 | 0 | |a Number theory. | |
| 084 | |a 11-01 |2 msc2000 | ||
| 010 | |a 65024412 | ||
| 040 | |a DLC |c OTU |d OCoLC |d Uk |d DLC | ||
| 859 | |h 11 |i H945 |p A-2693 |b BIB. MATEMATICA | ||
